000
00419nam a2200181Ia 4500
008
100917s9999 xx 000 0 und d
082
_b
5675
100
_a
देसाई रणजित
245
_a
कणव
260
_b
---
_c
1960
300
_a
422
365
_b
10
520
_a
कादंबरी
630
_a
कणव
650
_a
कादंबरी
730
_a
कणव
942
_c
BOOK
999
_c
611069
_d
611066